| 000 | 01398cam a2200289 i 4500 | ||
|---|---|---|---|
| 001 | 17686936 | ||
| 005 | 20221111101818.0 | ||
| 008 | 130405s2013 nyu b 001 0 eng | ||
| 010 | _a 2013012755 | ||
| 020 | _a9780393082876 (hardcover) | ||
| 082 | 0 | 0 | _a307.76,TOW |
| 100 | 1 |
_aTownsend, Anthony M., _d1973- _9102547 |
|
| 245 | 1 | 0 |
_aSmart cities : _bbig data, civic hackers, and the quest for a new utopia / _cAnthony M. Townsend. |
| 250 | _aFirst edition. | ||
| 264 | 1 |
_aNew York : _bW.W. Norton & Company, _c[2013] |
|
| 300 |
_axiv, 384 pages ; _c25 cm |
||
| 336 |
_atext _2rdacontent |
||
| 337 |
_aunmediated _2rdamedia |
||
| 338 |
_avolume _2rdacarrier |
||
| 505 | _aUrbanization and Ubiquity (Page-1), The $100 Billion Jackpot (Page-19), Cybernetics Redux (Page-57), Cities of Tomorrow (Page-93), The Open-Source Metropolis (Page-115), Tinkering Toward Utopia (Page-142), Have Nots (Page-168), Reinventing City Hall (Page-194), A Planet of Civic Laboratories (Page-226), Buggy, Brittle, and Bugged (Page-252), A New Civics for a Smart Century (Page-282). | ||
| 650 | 0 |
_aCities and towns _xHistory. |
|
| 650 | 0 |
_aCity planning _xTechnological innovations. _924205 |
|
| 650 | 0 |
_aRegional planning _xTechnological innovations. _9102548 |
|
| 650 | 0 |
_aTechnological innovations _xEconomic aspects. _914663 |
|
| 650 | 0 |
_aInformation technology _xEconomic aspects. _923499 |
|
| 942 |
_2ddc _cBK |
||
| 999 |
_c592289 _d592289 |
||